Parcs en concert 2021 : cicle de concerts en espais naturals i patrimonials cicle de concerts en espais naturals i patrimonials
Descripción Física:
1 fulletó ; il. col. ; 10 x 21 cm.
Materias:
Barcelona (Catalunya : Província). -- Xarxa de Parcs Naturals -- Activitats culturals
; Parcs Naturals -- Barcelona (Catalunya : Província) -- Activitats culturals
Idioma:
Catalán
MARC
| LEADER | 00000nam a22000007a 4500 | ||
|---|---|---|---|
| 001 | 27481 | ||
| 003 | Arxiu | ||
| 005 | 20260324181155.0 | ||
| 008 | 230307b spa||||| |||| 00| 0 cat d | ||
| 017 | |a B 14540-2021 | ||
| 040 | |a agdb |b cat | ||
| 110 | 1 | |9 7250 |a Barcelona (Catalunya : Província). |b Xarxa de Parcs Naturals | |
| 245 | |a Parcs en concert 2021 : |b cicle de concerts en espais naturals i patrimonials | ||
| 260 | |a Barcelona : |b Diputació de Barcelona. Xarxa de Parcs Naturals ; |c 2021 | ||
| 300 | |a 1 fulletó ; |b il. col. ; |c 10 x 21 cm. | ||
| 610 | 1 | 0 | |9 52895 |a Barcelona (Catalunya : Província). |b Xarxa de Parcs Naturals |x Activitats culturals |
| 650 | 0 | |a Parcs Naturals |z Barcelona (Catalunya : Província) |x Activitats culturals |9 50143 | |
| 942 | |2 udc |c ARXIU |n 1 | ||
| 952 | |0 0 |1 0 |2 udc |4 0 |6 FU74118 |7 1 |9 65490 |a Arxiu |b Arxiu |d 2023-03-07 |l 0 |o FU-74-118 |p 27481 |r 2023-03-07 00:00:00 |w 2023-03-07 |y ARXIU | ||
| 999 | |c 83156 |d 83156 | ||